| 000 | 00435nam a22001337a 4500 | ||
|---|---|---|---|
| 040 | _c NUST | ||
| 082 | _a220 PRO | ||
| 100 |
_aKanuz Khan Aun Muhammad Abdullah Muhammad Aleem Anwar _9100728 |
||
| 110 |
_aProject Supervisor Usman Asad Kanwal Naveed Mohsin Islam Tiwana _9100729 |
||
| 245 | _aPR-SOF-2141-Human Interactive Robot | ||
| 260 |
_aISLAMABAD: _bNUST COLLEGE OF EME, _c2022. |
||
| 650 |
_aDE-MTS-40 _998604 |
||
| 942 |
_2ddc _cPR |
||
| 999 |
_c591908 _d591908 |
||